00310nam a2200133Ia 4500008004100000100002100041245002700062250001100089260003000100300001000130650001200140942000700152999001700159190216s9999||||xx |||||||||||||| ||und|| aHarvey E. White 0aModern College Physics a5TH ED bD -van Nostrand Co.c1948 a765 p aPhysics cBK c32773d32773